| 000 | 00930nam a22001337a 4500 | ||
|---|---|---|---|
| 999 |
_c532367 _d532367 |
||
| 008 | 260130b ||||| |||| 00| 0 eng d | ||
| 100 |
_aNaqvi, Hena _958648 |
||
| 245 | _aKhadi’s journey: From a glorious past to a promising future | ||
| 260 | _aKurukshetra | ||
| 300 | _a74(2), Dec, 2025: p.17-20 | ||
| 520 | _a Khadi symbolizes India’s self-reliance from the freedom movement to the modern ‘Atmanirbhar Bharat’ imitative. The Khadi and village industries commission (KVIC) uses technology, skill development, and market diversification through platforms like ekhadindia. com and the centre of excellence for Khadi (CoEK) to enhance its global appeal and increase sales. Khadi remains a vitals rue of economic empowerment and livelihood for million. With government schemes promoting its growth and ensuring the entries family can contribute to the process. – Reproduced | ||
| 773 | _aKurukshetra | ||
| 942 | _cAR | ||